000 00443nam a2200133Ia 4500
008 181023s9999 xx 000 0 und d
020 _a9789719807711
100 _aBarrot, Jessie S.
245 _cJessie S. Barrot
_aPractical research 2/
260 _aQuezon City:
_bC and E Publishing, Inc.
_c2017
300 _a268 pages :
_billustrated ;
_c25 cm.
500 _aIncludes bibliographical reference and index
650 _aResearch -- methodology
999 _c359410
_d359410